000 00667nam a22002297a 4500
005 20170124110052.0
010 _aA-878011
020 _c140.00
035 _aA-878011
037 _bCen Lib/Ret
040 _aDPL
_bEN
082 _a657.42
_bRAT
100 _aRathnam, P.V.
_988851
245 _aRathnam's simplified costing adviser /
_cby P.V. Rathnam [and] P Lalita
260 _aAllahabad
_bKitab Mahal
_c1996
270 _a22A, sarojni naidu marg
_bAllahabad
300 _a778p.
_c20cm(Hb)
650 _aControl costing
_925574
650 _aProcess costing
_98856
700 _aLalitha, P.
_926141
942 _2ddc
_cEN
_h657.42
_mRAT
999 _c129151
_d129151